Smart assets (Record no. 10617)

000 -LEADER
fixed length control field 00517 a2200145 4500
082 ## - DEWEY DECIMAL CLASSIFICATION NUMBER
Classification number BIT-9
100 ## - MAIN ENTRY--PERSONAL NAME
Personal name Muhammad Usman
9 (RLIN) 4544
245 ## - TITLE STATEMENT
Title Smart assets
Statement of responsibility, etc. Muhammad Usman
Medium English
260 ## - PUBLICATION, DISTRIBUTION, ETC.
Place of publication, distribution, etc. Islamabad
Name of publisher, distributor, etc. NUST School of Electrical Engineering and Computer Science
Date of publication, distribution, etc. 2011
300 ## - PHYSICAL DESCRIPTION
Extent x , 44 p.
Other physical details : ill
Dimensions ; 27 cm. +
Accompanying material CD-ROM
500 ## - GENERAL NOTE
General note Supervisors : Mr. Muhammad Bilal, Mr. Bilal Ali
700 ## - ADDED ENTRY--PERSONAL NAME
Personal name Siraj Maeen
9 (RLIN) 92754
856 ## - ELECTRONIC LOCATION AND ACCESS
Uniform Resource Identifier <a href=" http://10.250.8.41:8080/xmlui/handle/123456789/11743"> http://10.250.8.41:8080/xmlui/handle/123456789/11743</a>
942 ## - ADDED ENTRY ELEMENTS (KOHA)
Koha item type Project Report
Call number prefix BIT-9 USM
Source of classification or shelving scheme
Holdings
Withdrawn status Lost status Damaged status Not for loan Permanent Location Current Location Date acquired Total Checkouts Full call number Barcode Date last seen Date last checked out Price effective from Koha item type
WITHDRAWN       Central Library (CL) Central Library (CL) 07/04/2022 1 BIT-9 USM SEECSP01015 01/21/2015 12/14/2014 01/05/2017 Project Report
© 2023 Central Library, National University of Sciences and Technology. All Rights Reserved.